000
00321nam a22001337a 4500
020
_a
978-0-143-33212-1
082
_a
823
_b
BON/H
100
_a
BOND, RUSKIN
245
_a
HIP-HOP NATURE BOY AND OTHER POEMS
260
_a
GURGAON
_b
PUFFIN BOOKS
_c
2012
300
_a
112
650
_a
CHILDRENS STORY BOOK
_z
INDIA
942
_c
BK
999
_c
2784
_d
2784